[Event "TN Mestres 2024-25"]
[Site "Pombal"]
[Date "2024.12.21"]
[Round "6.7"]
[White "Dias, Carlos Oliveira"]
[Black "Bras, Hugo"]
[Result "1/2-1/2"]
[LiveChessVersion "1.4.8"]
[BlackElo "1863"]
[WhiteElo "1870"]

1. Nf3 {[%clk 1:30:53]} d5 {[%clk 1:28:01]} 2. d4 {[%clk 1:30:57]} Nf6
{[%clk 1:28:26]} 3. e3 {[%clk 1:31:18]} c6 {[%clk 1:28:49]} 4. Be2
{[%clk 1:31:41]} Bg4 {[%clk 1:29:13]} 5. O-O {[%clk 1:32:01]} e6 {[%clk 1:29:40]}
6. Nbd2 {[%clk 1:32:00]} Bd6 {[%clk 1:29:58]} 7. h3 {[%clk 1:32:22]} Bh5
{[%clk 1:30:22]} 8. Re1 {[%clk 1:32:30]} Nbd7 {[%clk 1:30:43]} 9. b3
{[%clk 1:32:06]} O-O {[%clk 1:28:34]} 10. Bb2 {[%clk 1:32:31]} Qe7
{[%clk 1:27:05]} 11. a3 {[%clk 1:27:36]} e5 {[%clk 1:20:43]} 12. dxe5
{[%clk 1:26:41]} Nxe5 {[%clk 1:21:07]} 13. Nxe5 {[%clk 1:25:09]} Bxe2
{[%clk 1:21:30]} 14. Qxe2 {[%clk 1:25:32]} Bxe5 {[%clk 1:21:51]} 15. Bxe5
{[%clk 1:25:51]} Qxe5 {[%clk 1:22:18]} 16. Nf3 {[%clk 1:25:44]} Qe7
{[%clk 1:21:13]} 17. b4 {[%clk 1:20:02]} Ne4 {[%clk 1:20:19]} 18. Qd3
{[%clk 1:19:48]} Nd6 {[%clk 1:19:52]} 19. Nd4 {[%clk 1:17:30]} a6
{[%clk 1:12:17]} 20. Nf5 {[%clk 1:17:10]} Nxf5 {[%clk 1:12:38]} 21. Qxf5
{[%clk 1:17:38]} Rfe8 {[%clk 1:13:01]} 22. Rad1 {[%clk 1:16:17]} Qe4
{[%clk 1:05:41]} 23. Qxe4 {[%clk 1:16:00]} Rxe4 {[%clk 1:06:05]} 24. Rd4
{[%clk 1:14:07]} Rae8 {[%clk 1:00:47]} 25. Kf1 {[%clk 1:13:49]} f5
{[%clk 0:59:19]} 26. g3 {[%clk 1:12:09]} Kf7 {[%clk 0:59:29]} 27. c3
{[%clk 0:59:44]} g5 {[%clk 0:56:50]} 28. Rxe4 {[%clk 0:58:25]} Rxe4
{[%clk 0:57:02]} 29. Ke2 {[%clk 0:55:00]} f4 {[%clk 0:45:20]} 30. gxf4
{[%clk 0:53:59]} gxf4 {[%clk 0:45:38]} 31. Kd3 {[%clk 0:53:43]} fxe3
{[%clk 0:45:08]} 32. fxe3 {[%clk 0:52:46]} Rh4 {[%clk 0:42:04]} 33. Rf1+
{[%clk 0:52:52]} Ke6 {[%clk 0:42:23]} 34. Rf3 {[%clk 0:52:40]} h5
{[%clk 0:42:25]} 35. Rg3 {[%clk 0:52:32]} Kd6 {[%clk 0:37:40]} 36. Rg6+
{[%clk 0:52:32]} Kc7 {[%clk 0:38:03]} 37. Rg3 {[%clk 0:51:49]} Kb6
{[%clk 0:38:17]} 38. Kc2 {[%clk 0:48:23]} a5 {[%clk 0:38:19]} 39. Kb3
{[%clk 0:48:33]} axb4 {[%clk 0:38:16]} 40. axb4 {[%clk 0:48:38]} c5
{[%clk 0:38:13]} 41. bxc5+ {[%clk 0:47:44]} Kxc5 {[%clk 0:38:25]} 42. Rf3
{[%clk 0:46:27]} b5 {[%clk 0:38:39]} 43. Kc2 {[%clk 0:44:34]} Kd6
{[%clk 0:36:59]} 44. Kd3 {[%clk 0:44:12]} Ke5 {[%clk 0:36:14]} 45. Rg3
{[%clk 0:41:53]} Kf5 {[%clk 0:35:02]} 46. Rf3+ {[%clk 0:41:24]} Ke6
{[%clk 0:35:23]} 47. Rg3 {[%clk 0:40:10]} b4 {[%clk 0:33:37]} 48. cxb4
{[%clk 0:40:14]} Rxb4 {[%clk 0:34:01]} 49. Ke2 {[%clk 0:37:55]} Kf5
{[%clk 0:33:52]} 50. Kd3 {[%clk 0:34:59]} Ra4 {[%clk 0:32:03]} 51. Rg8
{[%clk 0:34:28]} Ra2 {[%clk 0:27:21]} 52. Rg3 {[%clk 0:23:09]} Rh2
{[%clk 0:25:49]} 53. Kd4 {[%clk 0:22:25]} Rd2+ {[%clk 0:26:06]} 54. Kc3
{[%clk 0:22:35]} Rd1 {[%clk 0:26:29]} 55. Kc2 {[%clk 0:22:38]} Rh1
{[%clk 0:26:20]} 56. Kd3 {[%clk 0:22:57]} h4 {[%clk 0:26:30]} 57. Rf3+
{[%clk 0:23:09]} Ke5 {[%clk 0:26:38]} 58. Ke2 {[%clk 0:23:05]} Rh2+
{[%clk 0:20:38]} 59. Kd3 {[%clk 0:22:05]} Kd6 {[%clk 0:18:43]} 60. Kd4
{[%clk 0:22:13]} Ke6 {[%clk 0:18:49]} 61. Kd3 {[%clk 0:22:25]} Ke5
{[%clk 0:17:49]} 62. Kc3 {[%clk 0:22:43]} Rh1 {[%clk 0:13:38]} 63. Kd3
{[%clk 0:22:36]} Rd1+ {[%clk 0:08:49]} 64. Kc2 {[%clk 0:22:15]} Rg1
{[%clk 0:08:19]} 65. Rf4 {[%clk 0:21:59]} Rg3 {[%clk 0:08:34]} 66. Rxh4
{[%clk 0:22:05]} Rxe3 {[%clk 0:08:55]} 67. Rh8 {[%clk 0:21:03]} Rg3
{[%clk 0:09:12]} 68. Rh5+ {[%clk 0:20:54]} Kd4 {[%clk 0:09:31]} 69. Rh4+
{[%clk 0:21:04]} Kc5 {[%clk 0:09:10]} 70. Rh5 {[%clk 0:21:07]} Kc4
{[%clk 0:09:32]} 71. Rh8 {[%clk 0:19:11]} Rg2+ {[%clk 0:09:53]} 72. Kd1
{[%clk 0:19:32]} d4 {[%clk 0:09:24]} 73. h4 {[%clk 0:16:20]} Kd3 {[%clk 0:09:48]}
74. Ke1 {[%clk 0:16:41]} Rh2 {[%clk 0:09:36]} 75. h5 {[%clk 0:16:53]} Rh1+
{[%clk 0:10:02]} 76. Kf2 {[%clk 0:17:15]} Kd2 {[%clk 0:04:28]} 77. h6
{[%clk 0:17:13]} d3 {[%clk 0:04:42]} 78. h7 {[%clk 0:17:13]} Kd1 {[%clk 0:03:17]}
79. Rd8 {[%clk 0:17:09]} 1/2-1/2

[Event "TN Mestres 2024-25"]
[Site "Pombal"]
[Date "2024.12.21"]
[Round "6.8"]
[White "Gaboleiro, Guilherme"]
[Black "Ermida, Ricardo"]
[Result "1/2-1/2"]
[LiveChessVersion "1.4.8"]
[BlackElo "1858"]
[WhiteElo "1837"]

1. e4 {[%clk 1:17:03]} e6 {[%clk 1:30:50]} 2. d3 {[%clk 1:17:25]} d5
{[%clk 1:31:12]} 3. Nd2 {[%clk 1:17:49]} Nf6 {[%clk 1:31:26]} 4. Ngf3
{[%clk 1:18:12]} Be7 {[%clk 1:31:48]} 5. g3 {[%clk 1:18:35]} O-O {[%clk 1:31:51]}
6. Bg2 {[%clk 1:15:35]} a5 {[%clk 1:31:58]} 7. O-O {[%clk 1:14:13]} a4
{[%clk 1:32:22]} 8. a3 {[%clk 1:14:34]} Nc6 {[%clk 1:30:54]} 9. Re1
{[%clk 1:14:32]} dxe4 {[%clk 1:31:07]} 10. Nxe4 {[%clk 1:14:17]} Nxe4
{[%clk 1:31:11]} 11. Rxe4 {[%clk 1:14:28]} b6 {[%clk 1:29:44]} 12. c3
{[%clk 1:11:17]} Bb7 {[%clk 1:23:34]} 13. Bf4 {[%clk 1:07:01]} b5
{[%clk 1:17:06]} 14. Qc2 {[%clk 1:01:28]} Bf6 {[%clk 1:13:18]} 15. Re2
{[%clk 0:56:30]} Na5 {[%clk 1:10:49]} 16. Rd1 {[%clk 0:54:21]} Nb3
{[%clk 1:09:11]} 17. Be5 {[%clk 0:51:09]} c5 {[%clk 1:05:32]} 18. d4
{[%clk 0:34:33]} cxd4 {[%clk 0:55:50]} 19. Bxf6 {[%clk 0:34:24]} Qxf6
{[%clk 0:52:00]} 20. Nxd4 {[%clk 0:34:51]} Bxg2 {[%clk 0:48:57]} 21. Kxg2
{[%clk 0:35:10]} Nxd4 {[%clk 0:47:40]} 22. Rxd4 {[%clk 0:34:28]} 1/2-1/2

[Event "TN Mestres 2024-25"]
[Site "Pombal"]
[Date "2024.12.21"]
[Round "6.9"]
[White "Goncalves, Lucas"]
[Black "Martins, Diogo"]
[Result "1-0"]
[LiveChessVersion "1.4.8"]
[BlackElo "1961"]
[WhiteElo "1990"]

1. e4 {[%clk 1:29:18]} c5 {[%clk 1:29:59]} 2. Nf3 {[%clk 1:28:56]} g6
{[%clk 1:30:19]} 3. d4 {[%clk 1:29:21]} cxd4 {[%clk 1:30:45]} 4. Nxd4
{[%clk 1:29:47]} Nc6 {[%clk 1:31:09]} 5. c4 {[%clk 1:30:06]} Nf6 {[%clk 1:31:20]}
6. Nc3 {[%clk 1:30:10]} Nxd4 {[%clk 1:31:43]} 7. Qxd4 {[%clk 1:30:34]} d6
{[%clk 1:32:10]} 8. Be2 {[%clk 1:30:05]} Bg7 {[%clk 1:32:35]} 9. Be3
{[%clk 1:30:20]} O-O {[%clk 1:32:58]} 10. Qd2 {[%clk 1:30:43]} a5
{[%clk 1:33:23]} 11. O-O {[%clk 1:30:37]} a4 {[%clk 1:33:50]} 12. Bd4
{[%clk 1:30:59]} Qa5 {[%clk 1:33:26]} 13. Rad1 {[%clk 1:30:21]} Be6
{[%clk 1:33:28]} 14. f4 {[%clk 1:30:30]} Rfc8 {[%clk 1:33:43]} 15. b3
{[%clk 1:30:54]} axb3 {[%clk 1:33:13]} 16. axb3 {[%clk 1:29:46]} Bg4
{[%clk 1:24:53]} 17. e5 {[%clk 1:29:53]} dxe5 {[%clk 1:25:03]} 18. fxe5
{[%clk 1:29:36]} Bxe2 {[%clk 1:25:05]} 19. Qxe2 {[%clk 1:30:00]} Nd7
{[%clk 1:23:57]} 20. Nd5 {[%clk 1:27:28]} Re8 {[%clk 1:18:58]} 21. Ra1
{[%clk 1:27:22]} Qd8 {[%clk 1:19:06]} 22. Rxa8 {[%clk 1:27:48]} Qxa8
{[%clk 1:19:32]} 23. Nc7 {[%clk 1:28:13]} Qc8 {[%clk 1:19:51]} 24. Nxe8
{[%clk 1:28:38]} Qxe8 {[%clk 1:20:18]} 25. Qe4 {[%clk 1:20:53]} Qc8
{[%clk 1:16:26]} 26. Qf3 {[%clk 1:05:07]} f5 {[%clk 1:15:06]} 27. Qd5+
{[%clk 0:57:39]} Kh8 {[%clk 1:15:27]} 28. Kh1 {[%clk 0:57:45]} Qc6
{[%clk 1:15:27]} 29. e6 {[%clk 0:54:55]} Qxd5 {[%clk 1:15:50]} 30. cxd5 1-0

[Event "TN Mestres 2024-25"]
[Site "Pombal"]
[Date "2024.12.21"]
[Round "6.10"]
[White "Marques, Pedro Godinho"]
[Black "Silva, Reinaldo"]
[Result "1-0"]
[LiveChessVersion "1.4.8"]
[BlackElo "1801"]
[WhiteElo "1857"]

1. Nf3 {[%clk 1:30:58]} c5 {[%clk 1:27:39]} 2. e4 {[%clk 1:30:07]} g6
{[%clk 1:27:22]} 3. d4 {[%clk 1:25:39]} Bg7 {[%clk 1:26:48]} 4. Bc4
{[%clk 1:11:53]} cxd4 5. O-O {[%clk 1:10:55]} d6 {[%clk 1:24:44]} 6. Re1
{[%clk 1:08:41]} Nc6 {[%clk 1:24:23]} 7. c3 {[%clk 1:04:59]} Ne5 {[%clk 1:14:42]}
8. cxd4 {[%clk 0:54:30]} Nxc4 {[%clk 1:12:55]} 9. Qa4+ {[%clk 0:54:46]} Bd7
{[%clk 1:12:53]} 10. Qxc4 {[%clk 0:55:01]} Rc8 {[%clk 1:12:08]} 11. Qb3
{[%clk 0:55:22]} Qb6 {[%clk 1:10:09]} 12. Qxb6 {[%clk 0:52:12]} axb6
{[%clk 1:09:54]} 13. Nc3 {[%clk 0:52:28]} Bc6 {[%clk 0:58:57]} 14. Be3
{[%clk 0:50:28]} b5 {[%clk 0:58:33]} 15. Rac1 {[%clk 0:48:12]} Nf6
{[%clk 0:52:59]} 16. e5 {[%clk 0:42:05]} dxe5 {[%clk 0:50:23]} 17. d5
{[%clk 0:30:37]} Bd7 {[%clk 0:46:44]} 18. Bg5 {[%clk 0:22:27]} b4
{[%clk 0:22:24]} 19. Bxf6 {[%clk 0:20:25]} Bxf6 {[%clk 0:19:45]} 20. Ne4
{[%clk 0:19:49]} O-O {[%clk 0:17:22]} 21. d6 {[%clk 0:18:27]} Bc6
{[%clk 0:16:14]} 22. Nxf6+ {[%clk 0:13:15]} exf6 {[%clk 0:16:41]} 23. b3
{[%clk 0:10:29]} Bxf3 {[%clk 0:16:20]} 24. gxf3 {[%clk 0:09:59]} Rxc1
{[%clk 0:16:25]} 25. Rxc1 {[%clk 0:10:24]} Rd8 {[%clk 0:16:49]} 26. Rc7
{[%clk 0:07:51]} Rxd6 {[%clk 0:17:03]} 27. Rxb7 {[%clk 0:08:14]} Rd4
{[%clk 0:17:24]} 28. Kf1 {[%clk 0:07:49]} Kg7 {[%clk 0:17:12]} 29. Rc7
{[%clk 0:06:52]} g5 {[%clk 0:15:14]} 30. Rc4 {[%clk 0:06:18]} Rxc4
{[%clk 0:08:30]} 31. bxc4 {[%clk 0:06:41]} Kg6 {[%clk 0:08:55]} 32. Ke2
{[%clk 0:06:26]} Kf5 {[%clk 0:09:15]} 33. Kd3 {[%clk 0:06:29]} Ke6
{[%clk 0:09:23]} 34. c5 {[%clk 0:06:48]} Kd5 {[%clk 0:09:47]} 35. c6
{[%clk 0:07:14]} Kxc6 {[%clk 0:10:07]} 36. Kc4 {[%clk 0:07:41]} f5
{[%clk 0:10:07]} 37. Kxb4 {[%clk 0:08:03]} e4 {[%clk 0:07:15]} 38. fxe4
{[%clk 0:06:39]} fxe4 {[%clk 0:07:44]} 39. Kc4 {[%clk 0:06:59]} f5
{[%clk 0:01:37]} 40. Kd4 {[%clk 0:07:22]} h6 {[%clk 0:01:51]} 41. a4
{[%clk 0:07:24]} Kb6 {[%clk 0:01:39]} 42. Ke5 {[%clk 0:07:44]} f4
{[%clk 0:01:59]} 43. Kxe4 {[%clk 0:08:07]} Ka5 {[%clk 0:02:24]} 44. Kf5
{[%clk 0:07:50]} Kxa4 {[%clk 0:02:47]} 45. Kg6 {[%clk 0:08:02]} Kb5
{[%clk 0:02:03]} 46. Kxh6 {[%clk 0:08:21]} g4 {[%clk 0:02:30]} 47. Kg5
{[%clk 0:08:43]} g3 {[%clk 0:02:55]} 48. hxg3 {[%clk 0:08:57]} fxg3
{[%clk 0:03:20]} 49. fxg3 {[%clk 0:09:21]} Kc6 {[%clk 0:03:48]} 50. Kf6
{[%clk 0:09:14]} 1-0